000 00846nam a2200277Ia 4500
001 Z_580
003 CHAP
008 220113s1975 xx 000 0 und d
010 _a163690
040 _cCHAP
090 _aTesis O 96
100 _aOrtíz y Rivera, Gustavo
_984088
245 _aEfecto del hidróxido de calcio al 0.1% sobre el valor nutritivo de rastrojo de maíz en ovinos /
_cpor Gustavo Ortíz y Rivera
260 _aChapingo, Méx. :
_bEl autor,
_c1975
300 _a46 h. ; ilus.
502 _aTesis (Ing. Agrónomo Esp. en Zootecnia) -- ENA. Departamento de Zootecnia
650 _aCalcio en nutrición animal
_917340
650 _aGanado lanar
_xAlimentación
_945153
650 _aMaíz como forraje
_971109
901 _aTESIS O 96
902 _aM
910 _a1975
942 _c2
942 _c2
999 _c163690
_d163690